[Event "IND-chT 44th"]
[Site "Ahmedabad"]
[Date "2025.03.09"]
[Round "7.4"]
[White "Chukka, Vineel Radha Karthi"]
[Black "Umashankar, A."]
[Result "1-0"]
[WhiteElo "1925"]
[BlackElo "1960"]
[PlyCount "145"]
[EventDate "2025.03.05"]
[EventType "team-swiss"]
[EventRounds "9"]
[EventCountry "IND"]
[SourceTitle "CB12_2025"]
[SourceDate "2025.03.19"]
[SourceVersion "1"]
[SourceVersionDate "2025.03.19"]
[SourceQuality "1"]
[WhiteTeam "Andhra Pradesh"]
[BlackTeam "Pondicherry"]
[WhiteTeamCountry "IND"]
[BlackTeamCountry "IND"]

1. d4 Nf6 2. Bf4 d5 3. e3 c5 4. Nf3 Nc6 5. Nbd2 Bg4 6. h3 Bh5 7. c3 e6 8. Qb3 Qc8 9. Nh4 Be7 10. g4 Bg6 11. Nxg6 hxg6 12. Be2 Qd7 13. Kf1 0-0 14. Kg2 Bd6 15. Bxd6 Qxd6 16. Qa3 b6 17. Bf3 e5 18. Rad1 Rfd8 19. Nb3 cxd4 20. Qxd6 Rxd6 21. cxd4 e4 22. Be2 a5 23. a3 a4 24. Nd2 Ne8 25. Rc1 f5 26. Bb5 Ne7 27. Rc2 Kf7 28. Rhc1 Ra5 29. Be2 Rd7 30. Nb1 Ke6 31. Nc3 Nd6 32. Na2 Nb7 33. Nb4 Nd8 34. Na6 Kf6 35. Nc7 Ne6 36. Nb5 f4 37. Bf1 Rd8 38. Nc7 g5 39. Rc6 Nxc6 40. Rxc6 Rc8 41. Nxd5+ Rxd5 42. Rxc8 Rd7 43. Bc4 Nc7 44. Rb8 Rd6 45. Rf8+ Kg6 46. exf4 gxf4 47. Rxf4 Rxd4 48. Bf7+ Kh6 49. Rf5 g5 50. Kg3 Rd3+ 51. Kg2 Rd2 52. b3 e3 53. bxa4 Na6 54. Bc4 Nc5 55. Rf3 exf2 56. Rxf2 Rd4 57. Bb5 Nxa4 58. Rf6+ Kg7 59. Rf5 Kh6 60. Rf6+ Kg7 61. Rc6 Kf7 62. Kf3 Rf4+ 63. Ke3 Nb2 64. Rxb6 Nd1+ 65. Kd2 Nf2 66. a4 Nxh3 67. a5 Rxg4 68. a6 Rg2+ 69. Kc3 Nf4 70. Bc4+ Ke7 71. a7 Rg3+ 72. Kb4 Rd3 73. a8Q 1-0

[Event "IND-chT 44th"]
[Site "Ahmedabad"]
[Date "2025.03.08"]
[Round "6.4"]
[White "Umashankar, A."]
[Black "Nithik, Reddy Bhavanam"]
[Result "0-1"]
[WhiteElo "1960"]
[BlackElo "2019"]
[PlyCount "84"]
[EventDate "2025.03.05"]
[EventType "team-swiss"]
[EventRounds "9"]
[EventCountry "IND"]
[SourceTitle "CB12_2025"]
[SourceDate "2025.03.19"]
[SourceVersion "1"]
[SourceVersionDate "2025.03.19"]
[SourceQuality "1"]
[WhiteTeam "Pondicherry"]
[BlackTeam "Telangana"]
[WhiteTeamCountry "IND"]
[BlackTeamCountry "IND"]

1. e4 e5 2. Nf3 Nc6 3. Bc4 Nf6 4. Ng5 d5 5. exd5 Na5 6. Bb5+ c6 7. dxc6 bxc6 8. Bd3 Ng4 9. Ne4 f5 10. Be2 h5 11. h3 fxe4 12. hxg4 Bc5 13. d4 exd4 14. Nd2 Qe7 15. g5 g6 16. Rh4 Bf5 17. g4 Bd7 18. gxh5 Bf5 19. Nc4 Nxc4 20. Bxc4 0-0-0 21. Bf4 Bd6 22. Qd2 Bxf4 23. Ba6+ Kc7 24. Rxf4 Qxg5 25. 0-0-0 Rd5 26. Bc4 Rc5 27. b3 gxh5 28. Kb2 Rd8 29. Qc1 Qf6 30. Kb1 Qd6 31. Qa3 a5 32. Rh4 Bg4 33. Re1 d3 34. cxd3 exd3 35. Rxg4 hxg4 36. Re6 Qd4 37. Re7+ Rd7 38. Rxd7+ Kxd7 39. Qb2 Qxb2+ 40. Kxb2 Rf5 41. Bxd3 Rxf2+ 42. Kc3 g3 0-1

[Event "SRI-ch Dini"]
[Site "Colombo"]
[Date "2024.07.31"]
[Round "4"]
[White "Umashankar, A."]
[Black "Alahakoon, TN."]
[Result "1/2-1/2"]
[WhiteElo "1984"]
[BlackElo "1767"]
[PlyCount "116"]
[EventDate "2024.07.29"]
[EventType "swiss"]
[EventRounds "10"]
[EventCountry "SRI"]
[SourceTitle "CBM 221 Extra"]
[Source "ChessBase"]
[SourceDate "2024.09.30"]
[SourceVersion "1"]
[SourceVersionDate "2024.09.30"]
[SourceQuality "1"]

1. e4 c5 2. Nf3 Nc6 3. d4 cxd4 4. Nxd4 Nf6 5. Nc3 e5 6. Ndb5 d6 7. Bg5 a6 8. Na3 b5 9. Bxf6 gxf6 10. Nd5 Be6 11. Bd3 f5 12. 0-0 Bg7 13. Qh5 f4 14. g3 Ne7 15. c4 Bxd5 16. cxd5 Ng6 17. Rac1 Rc8 18. Rc6 Rxc6 19. dxc6 fxg3 20. hxg3 Qc7 21. Rc1 0-0 22. Kg2 Rc8 23. Qg4 Ne7 24. Qd7 Nxc6 25. Qxc7 Rxc7 26. Nxb5 axb5 27. Bxb5 Ra7 28. Bxc6 Rxa2 29. Rb1 Ra6 30. Bd5 Bh6 31. Kf3 Bd2 32. Ke2 Bb4 33. Kd3 Kg7 34. Rh1 Bc5 35. f3 Rb6 36. b3 Ra6 37. Rh5 Kg6 38. Rf5 f6 39. Be6 Ra7 40. Kc4 Rb7 41. Bc8 Rc7 42. Ba6 Bf2+ 43. Kd5 Bxg3 44. Kxd6 Ra7 45. Bb5 Rb7 46. Be8+ Kg7 47. Ba4 Kg6 48. Be8+ Kg7 49. Ba4 Kg6 50. Ke6 Rb6+ 51. Ke7 Bf4 52. b4 Bg5 53. Be8+ Kg7 54. b5 h5 55. Bxh5 Rxb5 56. Be8 Rb7+ 57. Bd7 Kh6 58. Ke6 Rb8 1/2-1/2

[Event "Guwahati Smart City op"]
[Site "Guwahati"]
[Date "2024.07.05"]
[Round "7"]
[White "Umashankar, A."]
[Black "Kushal, O."]
[Result "1/2-1/2"]
[WhiteElo "1983"]
[BlackElo "2137"]
[PlyCount "70"]
[EventDate "2024.07.02"]
[EventType "swiss"]
[EventRounds "10"]
[EventCountry "IND"]
[SourceTitle "CBM 221 Extra"]
[Source "ChessBase"]
[SourceDate "2024.09.30"]
[SourceVersion "1"]
[SourceVersionDate "2024.09.30"]
[SourceQuality "1"]

1. d4 Nf6 2. c4 e6 3. Nf3 c5 4. d5 d6 5. Nc3 g6 6. e4 Bg7 7. Be2 0-0 8. 0-0 exd5 9. cxd5 Bg4 10. Nd2 Bxe2 11. Qxe2 Nbd7 12. Nc4 Nb6 13. Bg5 Nxc4 14. Qxc4 h6 15. Bh4 g5 16. Bg3 Nh5 17. Ne2 a6 18. a4 Qe7 19. f3 Rab8 20. Qc2 Rfe8 21. Rfe1 b5 22. axb5 axb5 23. Ra6 Rbd8 24. b4 cxb4 25. Qc6 Nxg3 26. Nxg3 Bd4+ 27. Kf1 Qf6 28. Nf5 Be5 29. Rb1 Bxh2 30. Qxb5 Rb8 31. Rb6 Rxb6 32. Qxb6 Qc3 33. Qxb4 Qd3+ 34. Kf2 Qc2+ 35. Kf1 Qd3+ 1/2-1/2

[Event "Guwahati Smart City op"]
[Site "Guwahati"]
[Date "2024.07.04"]
[Round "5"]
[White "Umashankar, A."]
[Black "Unnikrishnan, MA."]
[Result "1-0"]
[WhiteElo "1983"]
[BlackElo "1812"]
[PlyCount "41"]
[EventDate "2024.07.02"]
[EventType "swiss"]
[EventRounds "10"]
[EventCountry "IND"]
[SourceTitle "CBM 221 Extra"]
[Source "ChessBase"]
[SourceDate "2024.09.30"]
[SourceVersion "1"]
[SourceVersionDate "2024.09.30"]
[SourceQuality "1"]

1. e4 d6 2. d4 Nf6 3. Nc3 g6 4. Bg5 Bg7 5. f4 c6 6. Nf3 Qa5 7. Bd3 c5 8. e5 cxd4 9. exf6 dxc3 10. b4 Qxb4 11. fxg7 Rg8 12. Rb1 Qa5 13. Qe2 Nc6 14. Nd4 Qxa2 15. 0-0 e6 16. Nb5 Kd7 17. Bc4 Qa5 18. Rfd1 Qb6+ 19. Kh1 Qc5 20. Qe3 Nd4 21. Rxd4 1-0

[Event "Guwahati Smart City op"]
[Site "Guwahati"]
[Date "2024.07.03"]
[Round "2"]
[White "Hazarika, Krishnaav"]
[Black "Umashankar, A."]
[Result "0-1"]
[WhiteElo "1601"]
[BlackElo "1983"]
[PlyCount "68"]
[EventDate "2024.07.02"]
[EventType "swiss"]
[EventRounds "10"]
[EventCountry "IND"]
[SourceTitle "CBM 221 Extra"]
[Source "ChessBase"]
[SourceDate "2024.09.30"]
[SourceVersion "1"]
[SourceVersionDate "2024.09.30"]
[SourceQuality "1"]

1. e4 c5 2. Nf3 Nc6 3. d4 cxd4 4. Nxd4 g6 5. c4 Nf6 6. Nc3 d6 7. Be2 Nxd4 8. Qxd4 Bg7 9. Be3 0-0 10. Qd2 a5 11. 0-0 a4 12. a3 Qa5 13. Rac1 Be6 14. Bd3 Ng4 15. Bg5 Rfc8 16. Bxe7 Qe5 17. g3 Bh6 18. f4 Qd4+ 19. Kh1 Bxc4 20. Rcd1 Bxd3 21. Qxd3 Nf2+ 22. Rxf2 Qxf2 23. Bxd6 Bg7 24. e5 Qxb2 25. Bb4 Bf8 26. Rb1 Qf2 27. Bxf8 Rxf8 28. Ne4 Qa2 29. Nd6 Ra5 30. Nb5 Rc8 31. f5 Rxb5 32. Qxb5 Rc2 33. Qf1 Rf2 34. Qg1 Qd5+ 0-1

[Event "Madurai Athens of the East op 3rd"]
[Site "Madurai"]
[Date "2023.12.24"]
[Round "3"]
[White "Nguyen, Duc Hoa"]
[Black "Umashankar, A."]
[Result "1-0"]
[WhiteElo "2335"]
[BlackElo "1909"]
[PlyCount "89"]
[EventDate "2023.12.23"]
[EventType "swiss"]
[EventRounds "10"]
[EventCountry "IND"]
[SourceTitle "CBM 218 Extra"]
[Source "ChessBase"]
[SourceDate "2024.03.31"]
[SourceVersion "1"]
[SourceVersionDate "2024.03.31"]
[SourceQuality "1"]

1. d4 Nf6 2. c4 e6 3. g3 d5 4. Bg2 Bb4+ 5. Bd2 Be7 6. Nf3 0-0 7. 0-0 Nbd7 8. Qc2 c6 9. b3 a5 10. Rd1 b6 11. Bf4 Ba6 12. Ne5 Nxe5 13. Bxe5 Nd7 14. Bf4 f5 15. Nc3 Rc8 16. Qb2 dxc4 17. e4 Kh8 18. Rac1 Nf6 19. Qe2 Ba3 20. Rb1 Bb4 21. Na4 Bb5 22. Qc2 cxb3 23. axb3 fxe4 24. Bxe4 Nd5 25. Be5 h6 26. Rdc1 Ba3 27. Bxd5 exd5 28. Qg6 Qe7 29. Nxb6 Rce8 30. Rxc6 Bxc6 31. Qxh6+ Kg8 32. Qxc6 Rd8 33. Nxd5 Qf7 34. Nf4 Rc8 35. Qb5 Bb4 36. Qe2 Qf5 37. Rd1 Rc2 38. Qf3 g5 39. Qd5+ Kh7 40. Nh3 Rxf2 41. Qb7+ Rf7 42. Qxf7+ Qxf7 43. Nxg5+ Kg6 44. Nxf7 Rxf7 45. Kg2 1-0

[Event "IND-ch 60th"]
[Site "Pune"]
[Date "2023.08.20"]
[Round "5"]
[White "Umashankar, A."]
[Black "Akash, G."]
[Result "0-1"]
[WhiteElo "1920"]
[BlackElo "2456"]
[PlyCount "36"]
[EventDate "2023.08.16"]
[EventType "swiss"]
[EventRounds "11"]
[EventCountry "IND"]
[SourceTitle "CBM 216 Extra"]
[Source "ChessBase"]
[SourceDate "2023.11.30"]
[SourceVersion "1"]
[SourceVersionDate "2023.11.30"]
[SourceQuality "1"]

1. d4 d5 2. c4 e6 3. Nf3 a6 4. c5 Nc6 5. Nc3 e5 6. dxe5 d4 7. Na4 Bf5 8. Bd2 Qd5 9. Qb3 0-0-0 10. g3 Be4 11. Qxd5 Rxd5 12. Bh3+ Kb8 13. 0-0 d3 14. Ng5 dxe2 15. Rfe1 Bc2 16. Bc3 Nh6 17. b3 Be7 18. f4 Bd1 0-1